Logo Quiz Level 10 - Statistics

General Stats
  • This quiz has been taken 35 times
  • The average score is 8 of 16
Answer Stats
Picture Answer % Correct
Ryanair
68%
Accenture
64%
Barclays
64%
Louis Vuitton
64%
DAF
55%
Dunkin' Donuts
55%
E.ON
55%
Peugeot
55%
Citroën
50%
Lidl
50%
Tefal
50%
Sonic
41%
Agrale
36%
Holcim
36%
Perodua
36%
Whirlpool
36%
No matching quizzes found
Score Distribution
Percent of People with Each Score
Percentile by Number Answered
Your Score History
You have not taken this quiz